[Event "Stay Safe Play From Home 315"]
[Site "Emanuel Lasker Arena"]
[Date "2020.07.19"]
[Round "6"]
[White "Dukic"]
[Black "Chesstiger9"]
[Result "1-0"]
[WhiteElo "1900"]
[BlackElo "1933"]
[PlyCount "103"]
[EventDate "2020.07.19"]
[EventType "swiss (blitz)"]

{- Volkov, Yuri} 1. c4 {[%emt 0:00:09]} g6 {[%emt 0:00:04]} 2. Nc3 {[%emt 0:00:01]} Bg7 {[%emt 0:00:01]} 3. d4 {[%emt 0:00:01]} d6 {[%emt 0:00:01]} 4. Nf3 {[%emt 0:00:01]} e5 {[%emt 0:00:04]} 5. dxe5 {[%emt 0:00:02]} dxe5 {[%emt 0:00:01]} 6. Qc2 {[%emt 0:00:09]} c6 {[%emt 0:00:06]} 7. Bg5 {[%emt 0:00:03]} Qa5 {[%emt 0:00:01]} 8. a3 {[%emt 0:00:06]} h6 {[%emt 0:00:06]} 9. b4 {[%emt 0:00:04]} Qc7 {[%emt 0:00:04]} 10. Be3 {[%emt 0:00:04]} Bf5 {[%emt 0:00:03]} 11. Qb3 {[%emt 0:00:12]} Ne7 {[%emt 0:00:09]} 12. Rd1 {[%emt 0:00:01]} O-O {[%emt 0:00:02]} 13. Nh4 {[%emt 0:00:02]} Be6 {[%emt 0:00:03]} 14. Bc5 {[%emt 0:00:25]} b6 {[%emt 0:00:18]} 15. Bd6 {[%emt 0:00:03]} Qb7 {[%emt 0:00:07]} 16. e4 {[%emt 0:00:15]} Re8 {[%emt 0:00:08]} 17. Be2 {[%emt 0:00:03]} Nd7 {[%emt 0:00:05]} 18. O-O {[%emt 0:00:05]} Nf6 {[%emt 0:00:13]} 19. Rd2 {[%emt 0:00:22]} Nd7 {[%emt 0:00:21]} 20. Nf3 {[%emt 0:00:04]} f5 {[%emt 0:00:08]} 21. Rfd1 {[%emt 0:00:09]} Rad8 {[%emt 0:00:03]} 22. Qc2 {[%emt 0:00:18]} f4 {[%emt 0:00:06]} 23. c5 {[%emt 0:00:16]} Qc8 {[%emt 0:00:32]} 24. Qa4 {[%emt 0:00:04]} g5 {[%emt 0:00:19]} 25. h3 {[%emt 0:00:03]} bxc5 {[%emt 0:00:03]} 26. bxc5 {[%emt 0:00:02]} Ng6 {[%emt 0:00:24]} 27. Ba6 {[%emt 0:00:04]} Qa8 {[%emt 0:00:03]} 28. Rb1 {[%emt 0:00:03]} g4 {[%emt 0:00:28]} 29. hxg4 {[%emt 0:00:05]} Rb8 {[%emt 0:00:08]} 30. Bxb8 {[%emt 0:00:06]} Rxb8 {[%emt 0:00:02]} 31. Rdb2 {[%emt 0:00:07]} Rxb2 {[%emt 0:00:04]} 32. Rxb2 {[%emt 0:00:01]} Nxc5 {[%emt 0:00:02]} 33. Qa5 {[%emt 0:00:07]} Nxa6 {[%emt 0:00:01]} 34. Qxa6 {[%emt 0:00:01]} Bxg4 {[%emt 0:00:03]} 35. Qb7 {[%emt 0:00:07]} Qxb7 {[%emt 0:00:02]} 36. Rxb7 {[%emt 0:00:02]} Bxf3 {[%emt 0:00:00]} 37. gxf3 {[%emt 0:00:02]} Nh4 {[%emt 0:00:01]} 38. Rxa7 {[%emt 0:00:03]} Nxf3+ {[%emt 0:00:01]} 39. Kf1 {[%emt 0:00:03]} Nd4 {[%emt 0:00:01]} 40. a4 {[%emt 0:00:03]} h5 {[%emt 0:00:02]} 41. a5 {[%emt 0:00:01]} h4 {[%emt 0:00:00]} 42. Rb7 {[%emt 0:00:04]} h3 {[%emt 0:00:01]} 43. Kg1 {[%emt 0:00:01]} Nf3+ {[%emt 0:00:11]} 44. Kh1 {[%emt 0:00:01]} Bf8 {[%emt 0:00:02]} 45. a6 {[%emt 0:00:02]} Bc5 {[%emt 0:00:01]} 46. Rc7 {[%emt 0:00:02]} Bxf2 {[%emt 0:00:02]} 47. Rxc6 {[%emt 0:00:07]} Nh4 {[%emt 0:00:06]} 48. Rh6 {[%emt 0:00:04]} Nf3 {[%emt 0:00:02]} 49. Rxh3 {[%emt 0:00:02]} Ng5 {[%emt 0:00:01]} 50. Rh5 {[%emt 0:00:02]} Nf3 {[%emt 0:00:02]} 51. Kg2 {[%emt 0:00:04]} Nd4 {[%emt 0:00:02]} 52. Kxf2 {[%emt 0:00:01] Time ' (Lag: Av=0.63s, max=2.4s)} 1-0

[Event "Stay Safe Play From Home 315"]
[Site "Emanuel Lasker Arena"]
[Date "2020.07.19"]
[Round "7"]
[White "Dukic"]
[Black "TheCHESSHOUSE"]
[Result "1-0"]
[WhiteElo "1919"]
[BlackElo "1924"]
[Annotator "TA"]
[PlyCount "97"]
[EventDate "2020.07.19"]
[EventType "swiss (blitz)"]

{[%evp 15,97,0,11,7,15,6,45,14,25,21,46,50,81,72,73,73,73,80,60,67,75,6,27,0,54,52,74,68,58,-299,-290,-317,-305,-314,-100,-184,-197,-186,-160,-160,7,-154,-2,-9,73,51,72,42,45,53,41,48,48,38,79,80,104,103,164,162,166,154,242,245,414,397,527,519,520,513,499,477,933,922,920,913,893,819,12842,12843,12843,12843,29993,12845]} 1. c4 Nf6 2. Nc3 g6 3. Nf3 Bg7 4. g3 d6 5. Bg2 O-O 6. O-O e5 7. d4 Nc6 8. h3 {8.dxe5 is becoming the main line.} Bd7 9. Be3 {E62: King's Indian: Fianchetto: 6...c6 and Panno Variation (6...Nc6) without ...a6.} Re8 10. Qd2 a6 11. Rfd1 {White is slightly better.} Qc8 12. Kh2 {[#]} Rb8 $146 ({Predecessor:} 12... Bf5 13. dxe5 dxe5 14. Nh4 Be6 15. Nd5 Nd4 16. Bg5 Bxd5 17. cxd5 e4 18. Be3 Nb5 {½-½ (27) Ozturk,K (2311)-Kouvatsou,M (2152) Plovdiv 2014}) 13. Rac1 e4 14. Ng5 {[%cal Rg5e4]} Bf5 {Threatening ...h6.} 15. g4 Bxg4 16. hxg4 Nxg4+ 17. Kg1 f5 $1 18. d5 (18. Nh3 $16) 18... Nce5 $1 $11 {[%cal Re5c4]} 19. b3 {Hoping for Ne6.} Nxe3 (19... Qd8 $11 20. Bf4 Nxf2) 20. Qxe3 $14 (20. fxe3 Bh6 $15) 20... Bh6 21. Qg3 Ng4 22. Qh4 $2 {[%mdl 8192]} (22. Ne6 $14 {keeps the upper hand.}) 22... Qd8 $19 23. f4 {[%cal Rc3e4]} exf3 $1 24. Nxf3 Qd7 $2 (24... Bxc1 25. Rxc1 Qxh4 26. Nxh4 $17) (24... Be3+ $19 {and Black stays clearly on top.} 25. Kf1 g5) 25. Rb1 (25. Rc2 $17) 25... Be3+ {[%mdl 1024] Black has strong compensation.} 26. Kf1 Qg7 27. Rd3 Bh6 $2 ({Better is} 27... g5 $17 28. Qe1 Bb6) 28. Nd1 $2 {[#]} (28. Nd4 $11) 28... g5 $2 ({Black should try} 28... Re4 $1 $17 {White must now prevent ...Ne3+.} 29. Qh3 Rbe8) 29. Qh5 Ne5 ({Wrong is} 29... Qe7 $2 30. Nd4 $18) (29... Nf6 $11 {keeps the balance.} 30. Qh2 Ng4) 30. Nxe5 $16 Rxe5 31. Rh3 g4 32. Qxh6 gxh3 33. Qxg7+ Kxg7 34. Bxh3 Kf6 {[#]} 35. Bg2 $1 Rg8 36. Bf3 Kg5 (36... Re7 $16 {might work better.}) 37. Kf2 h5 38. Ne3 {Rg1+ is the strong threat.} Kh6 (38... Ree8 $16 39. Rg1+ Kf6) 39. Rh1 $18 Rg5 $2 (39... Kg6 40. Bxh5+ (40. Rxh5 f4 $18) 40... Kf6) 40. Ng2 b5 41. Nf4 bxc4 42. bxc4 Rg8 43. Nxh5 Rh8 (43... Rc8 $142 44. Nf4+ Kg7 45. Ne6+ Kg8) 44. Nf4+ Kg5 45. Rxh8 Kxf4 46. Rh7 c5 47. dxc6 Rc5 48. c7 Rxc4 49. Bb7 {What a bad dream for Black. Accuracy: White = 65%, Black = 39%.} (49. Rh4+ $142 Ke5 50. Rxc4 Ke6 51. c8=Q+ {[%mdl 64] Double Attack} Ke5 52. Qf8 Ke6 53. Rc7 Ke5 54. Qg7+ Kf4 55. Qg3#) 1-0

[Event "Stay Safe Play From Home 315"]
[Site "Emanuel Lasker Arena"]
[Date "2020.07.19"]
[Round "7"]
[White "Chesstiger9"]
[Black "Timbre"]
[Result "1/2-1/2"]
[WhiteElo "1914"]
[BlackElo "1581"]
[Annotator "TA"]
[PlyCount "57"]
[EventDate "2020.07.19"]
[EventType "swiss (blitz)"]

{[%evp 9,57,14,40,40,42,42,40,43,51,23,35,35,39,16,47,20,17,18,54,57,70,-39,-37,-56,64,-29,-27,-89,-74,-77,-84,-108,-35,-194,-101,-99,-85,-165,-151,-149,-109,-210,-206,-194,-186,-182,-168,-154,-136,-136]} 1. d4 d5 2. Nf3 c6 3. e3 Bg4 4. Nbd2 {[%cal Bb1d2,Bd2f3,Bf3e5][%mdl 32]} e6 5. Be2 Bxf3 6. Nxf3 {D02: 1 d4 d5 2 Nf3 sidelines, including 2...Nf6 3 g3 and 2...Nf6 3 Bf4.} Nf6 7. O-O Nbd7 8. c4 {White is slightly better.} Bd6 {[#]} 9. b3 $146 ({Predecessor:} 9. c5 Be7 10. b4 O-O 11. Bb2 b6 12. Qc2 b5 13. a4 a6 14. Ra2 Qc7 15. Rfa1 {1-0 (22) De Arman,J-Napier,W USA 1894}) 9... O-O 10. Bb2 Qe7 11. Ne5 Bc7 12. f4 Ne4 13. Bd3 Ndf6 14. g4 h6 15. g5 (15. Qe2 $14) 15... hxg5 $15 16. fxg5 Nd7 (16... Nxg5 $15 17. Qe2 Rad8) 17. Qh5 (17. Bxe4 $1 $14 Nxe5 18. Bg2) 17... Nxe5 $11 18. dxe5 (18. Bxe4 $1 $11 {remains equal.} g6 19. Qh4) 18... Qxg5+ 19. Qxg5 Nxg5 20. h4 Nh7 ({Black should play} 20... Ne4 $17 21. Bd4 Rad8) 21. e4 $2 {[#]} (21. cxd5 $15 exd5 22. Rae1) 21... dxe4 (21... d4 $1 $19 {[%mdl 512]} 22. Ba3 (22. Bxd4 Rfd8) 22... Rfd8) 22. Bxe4 $17 f5 23. Bf3 (23. exf6 $17 Nxf6 24. Bg6) 23... Bd8 24. h5 Ng5 25. Bg2 (25. Ba3 $17 {keeps fighting.}) 25... Bb6+ $19 {Black is clearly better.} 26. Kh2 Rad8 27. Rad1 Rxd1 28. Rxd1 Rd8 29. Rxd8+ {Accuracy: White = 45%, Black = 62%.} 1/2-1/2

[Event "Stay Safe Play From Home 315"]
[Site "Emanuel Lasker Arena"]
[Date "2020.07.19"]
[Round "7"]
[White "Shyamph1980"]
[Black "Möwe"]
[Result "0-1"]
[WhiteElo "1624"]
[BlackElo "1640"]
[Annotator "NA RC"]
[PlyCount "56"]
[EventDate "2020.07.19"]
[EventType "swiss (blitz)"]

1. e4 {[%emt 0:00:09]} d5 {[%emt 0:00:02]} 2. exd5 {[%emt 0:00:01]} Qxd5 {[%emt 0:00:01]} 3. Nc3 {[%emt 0:00:00]} Qa5 {[%emt 0:00:01]} 4. d4 {[%emt 0:00:00]} e5 {[%emt 0:00:02]} 5. dxe5 {[%emt 0:00:10]} Bb4 {[%emt 0:00:01]} 6. Bd2 {[%emt 0:00:03]} Nc6 {[%emt 0:00:01]} 7. Nf3 {[%emt 0:00:05]} Bg4 {[%emt 0:00:01]} 8. Be2 {[%emt 0:00:01]} O-O-O {[%emt 0:00:07]} 9. O-O {[%emt 0:00:05]} Bxc3 {[%emt 0:00:02]} 10. Bxc3 {[%emt 0:00:01]} Rxd1 {[%emt 0:00:03]} 11. Bxa5 {[%emt 0:00:07]} Rxa1 {[%emt 0:00:01]} 12. Rxa1 {[%emt 0:00:01]} Nxa5 {[%emt 0:00:03]} 13. Ng5 {[%emt 0:00:06]} Bxe2 {[%emt 0:00:05]} 14. Nxf7 {[%emt 0:00:03]} Bc4 {[%emt 0:00:05]} 15. Nxh8 {[%emt 0:00:01]} Ne7 {[%emt 0:00:01]} 16. b3 {[%emt 0:00:04]} Bg8 {[%emt 0:00:03]} 17. c4 {[%emt 0:00:07]} Nac6 {[%emt 0:00:01]} 18. Re1 {[%emt 0:00:06]} Kd7 {[%emt 0:00:02]} 19. f4 {[%emt 0:00:02]} Ke6 {[%emt 0:00:02]} 20. g4 {[%emt 0:00:03]} g6 {[%emt 0:00:03]} 21. h4 {[%emt 0:00:11]} h5 {[%emt 0:00:03]} 22. gxh5 {[%emt 0:00:08]} gxh5 {[%emt 0:00:02]} 23. Kf2 {[%emt 0:00:01]} Nd4 {[%emt 0:00:03]} 24. Rg1 {[%emt 0:00:04]} Bh7 {[%emt 0:00:07]} 25. Rg7 {[%emt 0:00:06]} Bb1 {[%emt 0:00:04]} 26. b4 {[%emt 0:00:10]} Bxa2 {[%emt 0:00:03]} 27. c5 {[%emt 0:00:06]} Bd5 {[%emt 0:00:05]} 28. Ke3 {[%emt 0:00:06]} Ndf5+ {[%emt 0:00:01] Shyamph1980 resigns (Lag: Av=0.84s, max=1.5s)} 0-1